000 00702cab a2200229 4500
001 WB3242-29
008 090401t1996 xxu||||| |||| 00| 0 eng d
035 _a(Sirsi) u44674
041 _aeng
245 2 _aA dip into derivatives
260 _c1996
350 _a0
490 _aFinancial Times
_v8 November 1996, 12(1)
520 _aBarclays de Zoete Wedd`s launch of a property futures contract may prelude wider use of financial derivatives by property fund managers.
650 _aBARCLAYS DE ZOETE WEDD
650 _aDERIVATIVES
650 _aFUND MANAGEMENT
650 _aPROPERTY FUTURES
690 _aPROPERTY-PROPERTY FINANCE AND INVESTMENT
942 _n0
948 _c04/03/1997
999 _c28388
_d28388